[Event "Ì17Ï"]
[Site "Loo"]
[Date "2017.04.21"]
[Round "2.36"]
[White "Ìàìîøèí, Îëåã."]
[Black "Âàùåíêî, Ëåâ."]
[Result "1/2-1/2"]
[WhiteElo "1668"]
[BlackElo "1478"]
[PlyCount "81"]
[EventDate "2017.04.20"]

1. e4 e6 2. d4 d5 3. Nd2 dxe4 4. Nxe4 Nd7 5. Nf3 Ngf6 6. Ng3 c5 7. Be2 cxd4 8.
Nxd4 Bc5 9. Nb3 Bb6 10. O-O O-O 11. c3 Nc5 12. Nxc5 Bxc5 13. Qc2 Qe7 14. Rd1
Bd7 15. Bf3 Rab8 16. Bg5 Rfd8 17. Rd2 Be8 18. Rad1 h6 19. Bxf6 Rxd2 20. Qxd2
Qxf6 21. Ne4 Qe7 22. Nxc5 Qxc5 23. Qd6 Qxd6 24. Rxd6 Kf8 25. Kf1 Ke7 26. Rd1 b6
27. Ke1 Rd8 28. Rxd8 Kxd8 29. Kd2 Kc7 30. Kd3 Bc6 31. Bxc6 Kxc6 32. Kd4 f6 33.
f4 g5 34. g3 a6 35. h4 gxh4 36. gxh4 h5 37. b3 a5 38. a3 b5 39. c4 bxc4 40.
Kxc4 Kd6 41. Kd4 1/2-1/2

[Event "Ì17Ï"]
[Site "Loo"]
[Date "2017.04.21"]
[Round "2.38"]
[White "Âîëêîâ, Ãðèãîðèé."]
[Black "Ìàòóùàê, Äàíèèë."]
[Result "0-1"]
[WhiteElo "1651"]
[BlackElo "1291"]
[PlyCount "116"]
[EventDate "2017.04.20"]

1. e4 c6 2. d4 d5 3. Nc3 g6 4. h3 Bg7 5. Nf3 Nh6 6. Bf4 dxe4 7. Nxe4 Nf5 8. c3
b6 9. Bc4 O-O 10. d5 Bb7 11. dxc6 Nxc6 12. Qe2 Qc8 13. O-O Na5 14. Bd3 Rd8 15.
Rac1 Qe6 16. b4 Rxd3 17. Qxd3 Bxe4 18. Qe2 Nc4 19. Ng5 Qc6 20. Qxe4 Qxe4 21.
Nxe4 a5 22. Rc2 axb4 23. cxb4 b5 24. Ng3 Nd4 25. Rcc1 Rxa2 26. Kh2 h5 27. Ra1
Nf3+ 28. gxf3 Rxa1 29. Rxa1 Bxa1 30. Ne4 f5 31. Nd2 Nxd2 32. Bxd2 Kf7 33. Kg3
Ke6 34. Kf4 Bf6 35. Ke3 Kd5 36. Kd3 e5 37. Be1 e4+ 38. fxe4+ fxe4+ 39. Ke3 Bg5+
40. f4 Bf6 41. h4 Bd4+ 42. Kd2 Ke6 43. Ke2 Kf5 44. Bd2 Kg4 45. Be1 Kxf4 46.
Bd2+ Kg4 47. Bg5 Kf5 48. Be7 Ke5 49. Bf8 Kf5 50. Be7 Bf6 51. Bd6 Bxh4 52. Ke3
Bf6 53. Bh2 g5 54. Bd6 h4 55. Bh2 g4 56. Bd6 g3 57. Bc7 Be5 58. Bb6 h3 0-1

[Event "Ì17Â"]
[Site "Loo"]
[Date "2017.04.21"]
[Round "2.1"]
[White "Ôàõðóòäèíîâ, Òèìóð."]
[Black "Ðóäåíêî, Íàóì."]
[Result "1-0"]
[WhiteElo "2437"]
[BlackElo "2263"]
[PlyCount "85"]
[EventDate "2017.04.20"]

1. e4 d6 2. d4 Nf6 3. Nc3 e5 4. Nf3 Nbd7 5. Bc4 Be7 6. O-O O-O 7. a4 a5 8. Re1
c6 9. h3 h6 10. Be3 Nxe4 11. Nxe4 d5 12. Nxe5 Nxe5 13. dxe5 dxc4 14. Qh5 Qd5
15. Bxh6 gxh6 16. Qxh6 Qxe5 17. Re3 Bf5 18. Ng3 Qf6 19. Nxf5 Qxh6 20. Nxh6+ Kh7
21. Rxe7 Kxh6 22. Rxb7 Rab8 23. Rc7 Rb6 24. Rd1 Kg7 25. Rd4 Rxb2 26. Rg4+ Kh7
27. Rxc4 Ra2 28. R7xc6 Rb8 29. R6c5 Rb4 30. Rxb4 axb4 31. a5 Kg6 32. g4 Kf6 33.
Kg2 Ke6 34. Rc4 Rb2 35. a6 Kd5 36. a7 Kxc4 37. a8=Q Rxc2 38. Qe4+ Kc3 39. Qf3+
Kb2 40. Qxf7 b3 41. g5 Ka3 42. g6 b2 43. Qa7+ 1-0

[Event "Ì17Â"]
[Site "Loo"]
[Date "2017.04.21"]
[Round "2.2"]
[White "Ãàéôóëëèí, Àðòóð."]
[Black "Æèòíèêîâ, Êîíñòàíòèí."]
[Result "1-0"]
[WhiteElo "2395"]
[BlackElo "2262"]
[PlyCount "109"]
[EventDate "2017.04.20"]

1. d4 Nf6 2. c4 e6 3. Nf3 d5 4. Nc3 c6 5. e3 Nbd7 6. Qc2 Bd6 7. a3 O-O 8. Bd3
e5 9. cxd5 cxd5 10. dxe5 Nxe5 11. Nd4 Bc5 12. O-O h6 13. Nce2 Bb6 14. h3 Bd7
15. Bd2 Rc8 16. Bc3 Qc7 17. Rac1 Rfd8 18. Nf5 Nxd3 19. Ne7+ Kh8 20. Qxd3 Bb5
21. Qxb5 Qxe7 22. Ng3 Qe6 23. Bxf6 Qxf6 24. Rxc8 Rxc8 25. Qxd5 Qxb2 26. Qxf7
Qxa3 27. Qxb7 Rf8 28. Nh5 Qc3 29. Nf4 Qf6 30. h4 g5 31. hxg5 hxg5 32. Nd5 Qd6
33. Rc1 Rd8 34. Nxb6 axb6 35. Qf3 Kg7 36. Qf5 Qe7 37. Rb1 Qc5 38. Rb5 Rd1+ 39.
Kh2 Qd6+ 40. Qe5+ Qxe5+ 41. Rxe5 Kf6 42. Rb5 Rd6 43. Kg3 Re6 44. Kf3 Kg6 45. e4
Rf6+ 46. Kg3 Kh5 47. f3 Kh6 48. e5 Rc6 49. Kg4 Rc4+ 50. Kf5 Rf4+ 51. Ke6 g4 52.
Rb3 gxf3 53. Rxf3 Rg4 54. Kf7 Rxg2 55. e6 1-0

[Event "Ì17Â"]
[Site "Loo"]
[Date "2017.04.21"]
[Round "2.3"]
[White "Êàëàáóõîâ, Áîãäàí."]
[Black "Ìàëûøåâ, Ãðèãîðèé."]
[Result "0-1"]
[WhiteElo "2263"]
[BlackElo "2383"]
[PlyCount "120"]
[EventDate "2017.04.20"]

1. d4 Nf6 2. c4 e6 3. g3 Bb4+ 4. Bd2 c5 5. Bg2 O-O 6. Nf3 d5 7. Bxb4 cxb4 8.
Nbd2 Nc6 9. O-O b6 10. Rc1 Bb7 11. cxd5 exd5 12. e3 Qd6 13. Qa4 a5 14. Rc2 Na7
15. Rfc1 Rac8 16. Ne5 Rxc2 17. Rxc2 Rc8 18. Rxc8+ Bxc8 19. Qc2 g6 20. Bf1 Be6
21. Bd3 Ne8 22. Qa4 Qd8 23. Qc2 Qc7 24. Qxc7 Nxc7 25. Kf1 f6 26. Nef3 Kf7 27.
Ne1 Ncb5 28. Ke2 Nd6 29. Bb1 Nab5 30. Kd1 Nc4 31. Kc1 Nbd6 32. Nd3 g5 33. Nxc4
dxc4 34. Ne1 Bd5 35. g4 h5 36. h3 Be6 37. f3 f5 38. gxh5 Bd5 39. Kd2 Kg7 40.
Ke2 Kh6 41. Ng2 Kxh5 42. h4 b5 43. hxg5 Kxg5 44. Nf4 Bf7 45. Kd2 a4 46. Ne2 Bd5
47. e4 fxe4 48. fxe4 Bxe4 49. Bc2 Bxc2 50. Kxc2 Kf5 51. a3 b3+ 52. Kc3 Ke4 53.
Kd2 Kf3 54. Nc3 Ne4+ 55. Kc1 Nxc3 56. bxc3 Ke4 57. Kb1 b4 58. axb4 a3 59. b5
Kd3 60. b6 a2+ 0-1

[Event "Ì17Â"]
[Site "Loo"]
[Date "2017.04.21"]
[Round "2.4"]
[White "Êàðïåíêî, Àðòåì."]
[Black "Ïàâëîâ, Äàíèëà."]
[Result "1-0"]
[WhiteElo "2362"]
[BlackElo "2253"]
[PlyCount "157"]
[EventDate "2017.04.20"]

1. Nf3 g6 2. d4 Bg7 3. c4 Nf6 4. Nc3 O-O 5. e4 d6 6. h3 Na6 7. Bg5 c6 8. Be2 e5
9. d5 h6 10. Be3 c5 11. Qd2 Kh7 12. g4 Ne8 13. O-O-O Nac7 14. Rdg1 a6 15. h4
Rh8 16. h5 g5 17. Kb1 f6 18. Ne1 Bd7 19. Nc2 b6 20. Bd3 Kg8 21. f3 Rb8 22. Ka1
Na8 23. Rb1 Kf7 24. b4 Qc7 25. Rb2 Qa7 26. Rhb1 Nec7 27. Rb3 Rhd8 28. Qc1 Bf8
29. Qb2 Rb7 30. Be2 Be8 31. Qa3 Qb8 32. Ne1 Qc8 33. Nd3 Ra7 34. bxc5 dxc5 35.
Bd1 a5 36. Rxb6 Nxb6 37. Rxb6 Na8 38. Rb2 Rc7 39. Ba4 Rb7 40. Bxe8+ Kxe8 41.
Qxa5 Rxb2 42. Nxb2 Qb7 43. Qb5+ Qd7 44. a4 Nc7 45. Qb6 Qd6 46. Qxd6 Bxd6 47.
Nb5 Kd7 48. Ka2 Ra8 49. Kb3 Na6 50. Nd3 Rb8 51. Kc3 Rb7 52. Nc1 Rb8 53. Nb3 Ra8
54. Kb2 Be7 55. Bd2 Bd6 56. Na5 Rb8 57. Nc6 Ra8 58. Ka3 Be7 59. Ba5 Rc8 60. Bb6
Nb8 61. Nba7 Re8 62. a5 Na6 63. Ka4 Ra8 64. Nb5 Re8 65. Nc3 Ra8 66. Kb5 Bd6 67.
Na4 Bf8 68. Nxc5+ Bxc5 69. Bxc5 Nc7+ 70. Ka4 Ne8 71. Kb4 Nc7 72. Bb6 Ne8 73. c5
Kc8 74. Kb5 Kb7 75. a6+ Kc8 76. Nb4 Kd7 77. c6+ Kd6 78. Bc5+ Kc7 79. a7 1-0

[Event "Ì17Â"]
[Site "Loo"]
[Date "2017.04.21"]
[Round "2.5"]
[White "Ñàèäîâ, Áèëóõàæ."]
[Black "Àáðàìîâ, Íèêèòà."]
[Result "1-0"]
[WhiteElo "2209"]
[BlackElo "2340"]
[PlyCount "85"]
[EventDate "2017.04.20"]

1. d4 Nf6 2. Bf4 e6 3. e3 c5 4. Nd2 Nc6 5. c3 d5 6. Ngf3 Be7 7. Bd3 O-O 8. h3
Nh5 9. Bh2 f5 10. O-O Nf6 11. dxc5 Bxc5 12. c4 Qe7 13. cxd5 exd5 14. Nb3 Bb6
15. Nbd4 Ne4 16. Rc1 Bd7 17. Qb3 Qf7 18. Nxc6 bxc6 19. Ne5 Qe6 20. Nxd7 Qxd7
21. Qa4 Rf6 22. Rc2 Qe6 23. b4 Re8 24. Ba6 Qd7 25. Qb3 Kh8 26. a4 Bc7 27. Bxc7
Qxc7 28. Bd3 Qd6 29. Rfc1 Rc8 30. Bxe4 fxe4 31. Qb2 h6 32. Qd4 Rb8 33. Rxc6
Qxc6 34. Rxc6 Rxc6 35. b5 Rc1+ 36. Kh2 Rf8 37. Qxa7 Rxf2 38. Qa8+ Kh7 39. Qxd5
Rcc2 40. Qxe4+ Kg8 41. b6 Rb2 42. b7 Rf8 43. a5 1-0

[Event "Ì17Â"]
[Site "Loo"]
[Date "2017.04.21"]
[Round "2.6"]
[White "Ñàëåìãàðååâ, Òàãèð."]
[Black "Ãîëèêîâ, Äàíèèë."]
[Result "1-0"]
[WhiteElo "2334"]
[BlackElo "2175"]
[PlyCount "53"]
[EventDate "2017.04.20"]

1. d4 Nf6 2. c4 e6 3. Nc3 Bb4 4. e3 c5 5. Nge2 cxd4 6. exd4 d5 7. a3 Be7 8. Nf4
Nc6 9. cxd5 Nxd5 10. Ncxd5 exd5 11. Bd3 g6 12. O-O O-O 13. Bc2 Bf6 14. Be3 Ne7
15. Rc1 b6 16. Qf3 Bg7 17. Rfe1 Qd6 18. h3 Bf5 19. Bxf5 Nxf5 20. Nxd5 Rad8 21.
Nb4 Nxd4 22. Bxd4 Bxd4 23. Nc6 Bxb2 24. Rcd1 Qc7 25. Rxd8 Rxd8 26. Re7 Qxe7 27.
Nxe7+ 1-0

[Event "Ì17Â"]
[Site "Loo"]
[Date "2017.04.21"]
[Round "2.7"]
[White "Âàñèë¸íîê, Àíòîí."]
[Black "Ýðãåøîâ, Òèìóð."]
[Result "1/2-1/2"]
[WhiteElo "2174"]
[BlackElo "2326"]
[PlyCount "82"]
[EventDate "2017.04.20"]

1. e4 c5 2. Nf3 d6 3. Bb5+ Bd7 4. Bxd7+ Qxd7 5. c4 Nf6 6. Nc3 g6 7. d4 cxd4 8.
Nxd4 Bg7 9. O-O O-O 10. b3 Nc6 11. Bb2 Nxd4 12. Qxd4 Ne8 13. Qd2 Nc7 14. Nd5
Bxb2 15. Qxb2 Nxd5 16. exd5 b5 17. Rac1 Rfc8 18. Rfe1 bxc4 19. Rxc4 Rxc4 20.
bxc4 Rc8 21. Re4 Rc7 22. h3 Qf5 23. f3 Qc8 24. Qe2 Qb7 25. Kh2 Kf8 26. Rh4 h5
27. Rf4 Qb4 28. Re4 Qc3 29. Qf2 Rb7 30. Qh4 Qd2 31. f4 f6 32. Qg3 Kf7 33. f5
Qg5 34. fxg6+ Qxg6 35. Qf3 Rb2 36. Re2 Rxe2 37. Qxe2 Qf5 38. Kh1 h4 39. Kg1 Kf8
40. Qf2 Qe4 41. Qxa7 Qxc4 1/2-1/2

[Event "Ì17Â"]
[Site "Loo"]
[Date "2017.04.21"]
[Round "2.8"]
[White "Øèíêåâè÷, Ìàêñèì."]
[Black "Áûêîâ, Îëåã."]
[Result "0-1"]
[WhiteElo "2020"]
[BlackElo "2314"]
[PlyCount "70"]
[EventDate "2017.04.20"]

1. d4 Nf6 2. c4 e6 3. Nf3 c5 4. d5 b5 5. Bg5 exd5 6. cxd5 h6 7. Bxf6 Qxf6 8.
Qc2 Be7 9. Nc3 Qb6 10. e3 b4 11. Ne4 O-O 12. Nfd2 d6 13. Nc4 Qc7 14. Ng3 Re8
15. Be2 Nd7 16. e4 Nb6 17. Ne3 g6 18. O-O Bf6 19. Rad1 Qe7 20. Bb5 Bd7 21. Bxd7
Qxd7 22. Rfe1 h5 23. f4 Bd4 24. Kh1 f5 25. Nc4 Nxc4 26. Qxc4 h4 27. Ne2 Bf2 28.
Rf1 Rxe4 29. Qa6 Be3 30. a3 Rae8 31. axb4 cxb4 32. b3 Rc8 33. Rf3 Bb6 34. Rh3
Rce8 35. Rd2 Qe7 0-1

[Event "Ì17Â"]
[Site "Loo"]
[Date "2017.04.21"]
[Round "2.9"]
[White "Ãåéâîíäÿí, Àðñåí."]
[Black "Ìíàöàêàíÿí, Àðñåí."]
[Result "0-1"]
[WhiteElo "1945"]
[BlackElo "2274"]
[PlyCount "116"]
[EventDate "2017.04.20"]

1. e4 c5 2. Nf3 e6 3. d4 cxd4 4. Nxd4 Nf6 5. Nc3 Nc6 6. Nxc6 bxc6 7. e5 Nd5 8.
Ne4 f5 9. exf6 Nxf6 10. Nd6+ Bxd6 11. Qxd6 Qe7 12. Bf4 Ne4 13. Qxe7+ Kxe7 14.
f3 Nf6 15. c4 d5 16. c5 Kf7 17. O-O-O Re8 18. Be5 Nd7 19. Bd6 a5 20. Bd3 e5 21.
Rde1 Kf6 22. h4 h6 23. g4 Ba6 24. g5+ Ke6 25. Bg6 Rf8 26. Bxf8 Rxf8 27. Re3
Nxc5 28. Rhe1 e4 29. fxe4 d4 30. Bf5+ Ke5 31. Ra3 Nd3+ 32. Kd1 Nxb2+ 33. Kc2
Nc4 34. Rb3 Bb5 35. Rg3 Rd8 36. gxh6 gxh6 37. Rb1 Kf4 38. Rbg1 Ne3+ 39. Kd2
Nf1+ 40. Rxf1+ Bxf1 41. Rg1 Bc4 42. Rc1 Bb5 43. h5 Rg8 44. Bg6 a4 45. a3 Rf8
46. Bf5 Ke5 47. Rg1 c5 48. Rb1 Bc6 49. Rc1 Bxe4 50. Bxe4 Kxe4 51. Rxc5 Rf2+ 52.
Ke1 Rf5 53. Rc4 Rxh5 54. Rxa4 Ke3 55. Kf1 d3 56. Ra8 Rf5+ 57. Kg1 d2 58. Re8+
Kd4 0-1

[Event "Ì17Â"]
[Site "Loo"]
[Date "2017.04.21"]
[Round "2.10"]
[White "Ãàñàíîâ, Çàóð."]
[Black "Èâàíîâ, Êèðèëë."]
[Result "1-0"]
[WhiteElo "2264"]
[BlackElo "1943"]
[PlyCount "62"]
[EventDate "2017.04.20"]

1. d4 d5 2. c4 c6 3. Nf3 Nf6 4. g3 Bf5 5. Bg2 e6 6. Nc3 h6 7. h3 Be7 8. Qb3 Qb6
9. c5 Qxb3 10. axb3 Na6 11. O-O Ne4 12. Ne5 Nc7 13. g4 Bh7 14. Nxe4 Bxe4 15.
Bf4 Bxg2 16. Kxg2 Nb5 17. e3 Bd8 18. Nd3 Bc7 19. Bxc7 Nxc7 20. f4 O-O 21. h4
Ne8 22. g5 h5 23. Ne5 Nc7 24. f5 a6 25. Rf3 f6 26. Ng6 Rfe8 27. fxe6 fxg5 28.
e7 Ne6 29. Raf1 gxh4 30. Rf5 Kh7 31. Nf8+ Nxf8 1-0

[Event "Ì17Â"]
[Site "Loo"]
[Date "2017.04.21"]
[Round "2.11"]
[White "ßøìåòîâ, Ìèõàèë."]
[Black "Åëèñååâ, Åãîð."]
[Result "1-0"]
[WhiteElo "2322"]
[BlackElo "1834"]
[PlyCount "119"]
[EventDate "2017.04.20"]

1. Nf3 Nf6 2. b3 d5 3. Bb2 e6 4. g3 c5 5. Bg2 Nc6 6. O-O Bd6 7. d3 O-O 8. Nbd2
e5 9. e4 d4 10. a4 Be6 11. h3 h6 12. Nc4 Bc7 13. Nh4 Qd7 14. g4 g6 15. Bc1 Kg7
16. f4 exf4 17. Bxf4 Bxf4 18. Rxf4 Qe7 19. Qe1 Bxc4 20. bxc4 h5 21. Qg3 hxg4
22. hxg4 Rh8 23. Raf1 Qe5 24. g5 Nh5 25. Rxf7+ Kg8 26. Qf3 Qxg5 27. Rf8+ Kg7
28. Qf7+ Kh6 29. Rxa8 Rxa8 30. Nf3 Qg3 31. Nh2 Ne5 32. Qe6 Nf4 33. Rxf4 Qxf4
34. Qxe5 Qe3+ 35. Kh1 Qc1+ 36. Bf1 Qg5 37. Be2 Qxe5 38. Ng4+ Kg5 39. Nxe5 Kf4
40. Nxg6+ Ke3 41. Bg4 Kd2 42. e5 Kxc2 43. Bf5 Kb3 44. e6 Kxa4 45. e7 Kb4 46.
Bd7 a5 47. e8=Q Rxe8 48. Bxe8 a4 49. Bxa4 Kxa4 50. Ne5 b5 51. cxb5 Kxb5 52. Kg2
Kb4 53. Kf3 Kc3 54. Ke4 Kb3 55. Kd5 Kb4 56. Kc6 c4 57. Nxc4 Kc3 58. Ne5 Kb3 59.
Kd5 Kc3 60. Ke4 1-0

[Event "Ì17Â"]
[Site "Loo"]
[Date "2017.04.21"]
[Round "2.12"]
[White "Çàõàðîâ, Íèêîëàé."]
[Black "Ëîáàíîâ, Ñåðãåé."]
[Result "0-1"]
[WhiteElo "1968"]
[BlackElo "2429"]
[PlyCount "114"]
[EventDate "2017.04.20"]

1. e4 c5 2. Nf3 d6 3. d4 cxd4 4. Nxd4 Nf6 5. Nc3 Nc6 6. Bg5 e6 7. Bb5 Bd7 8.
Bxc6 bxc6 9. Qf3 e5 10. Nf5 Bxf5 11. Qxf5 Qd7 12. Qf3 Be7 13. O-O-O O-O 14. Rd3
Qe6 15. Rhd1 Rad8 16. Bxf6 Bxf6 17. Qh5 Be7 18. Rh3 h6 19. Rg3 d5 20. exd5 cxd5
21. Kb1 d4 22. Ne2 Rd5 23. Qg4 Qxg4 24. Rxg4 f5 25. Rg6 Bf6 26. f4 e4 27. Rg3
Rc8 28. Ra3 a5 29. Ra4 d3 30. cxd3 exd3 31. Nc1 Rc2 32. Nxd3 Rxg2 33. h3 Rh2
34. Rc4 Rxh3 35. Nf2 Rxd1+ 36. Nxd1 Rd3 37. Kc2 Rd4 38. Ne3 Rxc4+ 39. Nxc4 a4
40. Kd3 Kf7 41. b3 axb3 42. axb3 Ke6 43. Ke3 Kd5 44. Kf3 Bd4 45. Nd2 g5 46.
fxg5 hxg5 47. Nf1 Bc5 48. Ng3 Ke5 49. Ne2 g4+ 50. Kg3 Bd4 51. Kg2 f4 52. Nc1
Ke4 53. Ne2 Bc5 54. Kf1 g3 55. b4 Bxb4 56. Kg1 Ke3 57. Kf1 g2+ 0-1

[Event "Ì17Â"]
[Site "Loo"]
[Date "2017.04.21"]
[Round "2.13"]
[White "Ãðèãîðüåâ, Èëüÿ."]
[Black "Ëèëîâ, Àëåêñàíäð."]
[Result "1-0"]
[WhiteElo "2309"]
[BlackElo "2088"]
[PlyCount "59"]
[EventDate "2017.04.20"]

1. e4 e5 2. Nf3 Nc6 3. Bb5 f5 4. d3 fxe4 5. dxe4 Nf6 6. O-O Bc5 7. Qd3 d6 8.
Qc4 Qe7 9. Nc3 a6 10. Bxc6+ bxc6 11. Be3 Nd7 12. Bxc5 Nxc5 13. b4 Be6 14. Nd5
cxd5 15. exd5 O-O 16. bxc5 Rf4 17. Qb3 Bg4 18. cxd6 cxd6 19. Nd2 Rd4 20. Qe3
Rc8 21. c4 Bf5 22. f4 Rd3 23. Qe2 Qa7+ 24. Kh1 Qd4 25. Nb3 Qxc4 26. Rac1 Qxd5
27. Rxc8+ Bxc8 28. fxe5 Be6 29. exd6 Qxd6 30. Nc5 1-0

[Event "Ì17Â"]
[Site "Loo"]
[Date "2017.04.21"]
[Round "2.14"]
[White "Ôàõðåòäèíîâ, Ðèíàò."]
[Black "Òîêìàøîâ, Ìàêñèì."]
[Result "1-0"]
[WhiteElo "2248"]
[BlackElo "2067"]
[PlyCount "77"]
[EventDate "2017.04.20"]

1. e4 c5 2. Nf3 d6 3. c3 Nf6 4. Bd3 g6 5. Bc2 Bg7 6. d4 O-O 7. h3 cxd4 8. cxd4
Nc6 9. Nc3 Bd7 10. O-O Qa5 11. Be3 Rac8 12. Rc1 b5 13. e5 Ne8 14. Bg5 b4 15.
Ne4 Be6 16. Bb3 Bd5 17. Re1 Rc7 18. exd6 exd6 19. Bf4 Rd7 20. Qd3 Nd8 21. Nc5
dxc5 22. Rxc5 Qb6 23. Rxd5 Rb7 24. Be5 Ne6 25. Bc4 Qc6 26. Ra5 Bxe5 27. Nxe5
Qc7 28. Ra6 Nd8 29. Ng4 Kg7 30. Bd5 Rb6 31. Rxb6 Qxb6 32. Qe4 Nc7 33. Qe5+ f6
34. Qe7+ Nf7 35. Be6 Nxe6 36. Qxf6+ Kg8 37. Rxe6 Qa5 38. Re7 Qh5 39. f4 1-0

[Event "Ì17Â"]
[Site "Loo"]
[Date "2017.04.21"]
[Round "2.15"]
[White "Ëåîíîâ, Îëåã."]
[Black "Øàíäðûãèí, Íèêèòà."]
[Result "0-1"]
[WhiteElo "1835"]
[BlackElo "2222"]
[PlyCount "120"]
[EventDate "2017.04.20"]

1. e4 c5 2. Nf3 e6 3. d4 cxd4 4. Nxd4 Nc6 5. Nb5 d6 6. Bf4 e5 7. Be3 a6 8. N5c3
Nge7 9. Bg5 Qc7 10. Bxe7 Nxe7 11. Be2 Be6 12. O-O Rd8 13. Nd5 Nxd5 14. exd5 Bd7
15. c4 Be7 16. Nd2 O-O 17. b4 b5 18. Rc1 Qb6 19. cxb5 axb5 20. Nb3 Rc8 21. Qd2
h6 22. Rxc8 Rxc8 23. Rc1 Ra8 24. Rc3 Ra4 25. Qc2 Rxb4 26. Rc7 Rf4 27. Bf3 Rc4
28. Rxc4 bxc4 29. Qxc4 Qa7 30. Qc2 g6 31. h3 Bd8 32. Bg4 f5 33. Be2 Bb6 34. Bc4
Kf7 35. Nc1 e4 36. Bb3 Bb5 37. a4 Ba6 38. Na2 Bd3 39. Qd2 Bd4 40. Nb4 Qa5 41.
Qe1 Ba6 42. Nc2 Qxe1+ 43. Nxe1 Kf6 44. Nc2 Bc5 45. Ne3 Bxe3 46. fxe3 Ke5 47.
Kf2 Bb7 48. a5 Bxd5 49. Ba4 Ba8 50. g3 d5 51. h4 Bb7 52. Bb5 g5 53. hxg5 hxg5
54. a6 Bc8 55. a7 Bb7 56. Ba6 Ba8 57. Bc8 f4 58. gxf4+ gxf4 59. exf4+ Kxf4 60.
Ke2 d4 0-1

[Event "Ì17Â"]
[Site "Loo"]
[Date "2017.04.21"]
[Round "2.16"]
[White "Ñìîð÷êîâ, Äàíèë."]
[Black "Ïðèâîðîòñêèé, Îëåã."]
[Result "1-0"]
[WhiteElo "2151"]
[BlackElo "2164"]
[PlyCount "67"]
[EventDate "2017.04.20"]

1. e4 c5 2. Nf3 Nc6 3. Bb5 d6 4. O-O Bd7 5. Re1 a6 6. Bf1 Bg4 7. h3 Bxf3 8.
Qxf3 Nf6 9. c3 e6 10. d3 Be7 11. Be3 O-O 12. Nd2 Rc8 13. Rac1 d5 14. Bf4 e5 15.
Bh2 Re8 16. exd5 Nxd5 17. Nc4 Bf6 18. Rcd1 b5 19. Ne3 Nxe3 20. Qxe3 Qd5 21. a3
b4 22. axb4 cxb4 23. d4 Qa2 24. d5 Nb8 25. d6 Rcd8 26. c4 Qxb2 27. c5 Nc6 28.
d7 Re7 29. Qe4 Nd4 30. Rxd4 exd4 31. Qxe7 Bxe7 32. Rxe7 f6 33. Bc4+ Kf8 34.
Re8+ 1-0

[Event "Ì17Â"]
[Site "Loo"]
[Date "2017.04.21"]
[Round "2.17"]
[White "Ñåëèâàíîâ, Èâàí."]
[Black "Àõòàðèåâ, Àíäðåé."]
[Result "1-0"]
[WhiteElo "2259"]
[BlackElo "2008"]
[PlyCount "105"]
[EventDate "2017.04.20"]

1. e4 c5 2. Nf3 e6 3. d3 Nc6 4. g3 d6 5. Bg2 g6 6. O-O Bg7 7. c3 e5 8. Nh4 Nh6
9. Bd2 O-O 10. Qc1 Ng4 11. f3 Nf6 12. f4 exf4 13. Bxf4 Ne5 14. Qd2 Nh5 15. Bg5
Qb6 16. Na3 Be6 17. Kh1 h6 18. Be3 Ng4 19. Bg1 Rad8 20. d4 Qc7 21. Rae1 a6 22.
Bf3 b5 23. Bd1 Qc8 24. Ng2 Kh7 25. b3 Rde8 26. Nf4 Nxf4 27. gxf4 h5 28. Nc2 Bd7
29. Bf3 f5 30. e5 Qc7 31. h3 Nh6 32. Qg2 cxd4 33. cxd4 a5 34. Ne3 Qb8 35. Bf2
Nf7 36. Rg1 Nh8 37. Bxh5 Rf7 38. Bxg6+ Nxg6 39. Qxg6+ Kg8 40. Bh4 Qb7+ 41. Kh2
Qf3 42. Bf6 Qxf4+ 43. Rg3 Qf2+ 44. Rg2 Qf4+ 45. Kg1 Ree7 46. Bxe7 Rxe7 47. Qxd6
Qh4 48. Rf1 Qxh3 49. Qxe7 Qxe3+ 50. Kh2 Qh6+ 51. Kg3 Qe3+ 52. Rf3 f4+ 53. Kh2
1-0

[Event "Ì17Â"]
[Site "Loo"]
[Date "2017.04.21"]
[Round "2.18"]
[White "Áîãäàíîâ, Íèêèòà."]
[Black "Ìåñíÿíêèí, Íèêèòà."]
[Result "1/2-1/2"]
[WhiteElo "2073"]
[BlackElo "2204"]
[PlyCount "50"]
[EventDate "2017.04.20"]

1. e4 e5 2. Nf3 Nc6 3. Bb5 a6 4. Ba4 Nf6 5. d4 exd4 6. O-O Be7 7. e5 Ne4 8.
Nxd4 Nxd4 9. Qxd4 Nc5 10. Nc3 O-O 11. Nd5 Nxa4 12. Qxa4 d6 13. Nxe7+ Qxe7 14.
exd6 Qxd6 15. Bf4 Qb6 16. Be5 Be6 17. Qf4 f6 18. Bc3 Rfe8 19. Rfe1 Bf7 20. h4
Qd6 21. Qg4 h5 22. Qf5 Qd5 23. Qf4 Qd6 24. Qf5 Qd5 25. Qf4 Qd6 1/2-1/2

[Event "Ì17Â"]
[Site "Loo"]
[Date "2017.04.21"]
[Round "2.19"]
[White "Ìàð÷óê, Ðîñòèñëàâ."]
[Black "Âîéíèêîíèñ, Íèêèòà."]
[Result "0-1"]
[WhiteElo "2187"]
[BlackElo "2060"]
[PlyCount "62"]
[EventDate "2017.04.20"]

1. d4 d5 2. Bf4 Nf6 3. e3 c5 4. c3 Nc6 5. Nd2 Qb6 6. Qb3 Bf5 7. dxc5 Qxb3 8.
Nxb3 e5 9. Bg3 a5 10. Bb5 a4 11. Nd2 Nd7 12. Ngf3 f6 13. c4 dxc4 14. Nxc4 Bxc5
15. Nfd2 Na7 16. Bxd7+ Kxd7 17. b4 Bxb4 18. Nb6+ Ke6 19. Nxa8 Rxa8 20. a3 Bc3
21. Rc1 Nb5 22. Ke2 Rd8 23. Rhd1 Bd3+ 24. Ke1 Bb2 25. Rb1 Bxb1 26. Rxb1 Bc3 27.
Rxb5 Rxd2 28. Rc5 Rd3+ 29. Ke2 e4 30. Rc4 f5 31. Rxa4 Rd2+ 0-1

[Event "Ì17Â"]
[Site "Loo"]
[Date "2017.04.21"]
[Round "2.20"]
[White "Àñòàôóðîâ, Àðñåíèé."]
[Black "Àíòîíÿí, Ãðàíò."]
[Result "1-0"]
[WhiteElo "2163"]
[BlackElo "2059"]
[PlyCount "59"]
[EventDate "2017.04.20"]

1. Nf3 d5 2. g3 Nf6 3. Bg2 c6 4. O-O Bg4 5. c4 e6 6. Qb3 Qb6 7. d4 dxc4 8. Qxc4
Bxf3 9. Bxf3 Nbd7 10. Nc3 Be7 11. e4 O-O 12. Be3 Rac8 13. Qe2 c5 14. Rfd1 e5
15. dxc5 Bxc5 16. Na4 Qa5 17. Nxc5 Nxc5 18. Bg5 Qb6 19. Rac1 h6 20. Be3 Qa5 21.
Qc4 Ncxe4 22. Qxc8 Rxc8 23. Rxc8+ Kh7 24. h4 Qa6 25. Rdd8 Nd6 26. Ra8 e4 27. h5
g5 28. Rh8+ Kg7 29. Bd4 exf3 30. Rag8# 1-0

[Event "Ì17Â"]
[Site "Loo"]
[Date "2017.04.21"]
[Round "2.21"]
[White "Áàáàíèí, Ãëåá."]
[Black "Ìåñòíèêîâ, Àéòàë."]
[Result "0-1"]
[WhiteElo "2054"]
[BlackElo "2163"]
[PlyCount "56"]
[EventDate "2017.04.20"]

1. e4 c5 2. Nf3 d6 3. d4 cxd4 4. Nxd4 Nf6 5. Nc3 a6 6. f3 e6 7. Be3 b5 8. Qd2
Nbd7 9. O-O-O Bb7 10. g4 Nb6 11. Qf2 Nfd7 12. a3 Be7 13. h4 Rc8 14. g5 O-O 15.
Rg1 Rxc3 16. bxc3 Qc7 17. Bh3 d5 18. Bxe6 dxe4 19. Bb3 Qxc3 20. Rde1 Ne5 21.
Kd1 Nbc4 22. f4 Nd3 23. Qg3 Nxe1 24. Rxe1 Rd8 25. Ke2 Rxd4 26. Kf2 Nxe3 27.
Rxe3 Rd2+ 28. Kf1 Rd1+ 0-1

[Event "Ì17Â"]
[Site "Loo"]
[Date "2017.04.21"]
[Round "2.22"]
[White "Ãëóõîâ, Äìèòðèé."]
[Black "Ñàêóëî, Äåíèñ."]
[Result "1-0"]
[WhiteElo "2028"]
[BlackElo "2147"]
[PlyCount "93"]
[EventDate "2017.04.20"]

1. d4 d5 2. c4 c6 3. cxd5 cxd5 4. Nc3 Nc6 5. Bf4 e5 6. dxe5 d4 7. Ne4 Qa5+ 8.
Nd2 Nge7 9. a3 Ng6 10. e3 dxe3 11. Bxe3 Ngxe5 12. b4 Qd5 13. Ndf3 Be6 14. Qxd5
Bxd5 15. Nxe5 Nxe5 16. Bb5+ Nc6 17. Nf3 Be7 18. Rd1 O-O-O 19. O-O Bf6 20. Bxc6
Bxc6 21. Bxa7 Bb2 22. Rb1 Bxf3 23. Rxb2 Bd1 24. Rb1 Ba4 25. Rfc1+ Kd7 26. Rb2
f6 27. Re1 b5 28. f4 Rhe8 29. Rxe8 Kxe8 30. Bc5 Bd1 31. Rf2 Rd3 32. Rf1 Kd8 33.
Re1 Bg4 34. h3 Rd1 35. Rxd1+ Bxd1 36. f5 Bc2 37. g4 g6 38. fxg6 Bxg6 39. Kf2 h5
40. Kg3 Ke8 41. gxh5 Bxh5 42. Kf4 Kf7 43. Ke3 Kg6 44. a4 Kg5 45. a5 Be8 46. Be7
Bc6 47. Kd4 1-0

[Event "Ì17Â"]
[Site "Loo"]
[Date "2017.04.21"]
[Round "2.23"]
[White "Ñòåïàíîâ, Àíäðåé."]
[Black "Àðáóçîâ, Ìèõàèë."]
[Result "0-1"]
[WhiteElo "2147"]
[BlackElo "2048"]
[PlyCount "130"]
[EventDate "2017.04.20"]

1. e4 d6 2. d4 Nf6 3. Nc3 g6 4. Be3 Bg7 5. Qd2 O-O 6. f3 c6 7. a4 Bd7 8. Bd3 a5
9. Nge2 Na6 10. Bxa6 Rxa6 11. Bh6 b5 12. Bxg7 Kxg7 13. Qd3 Qb6 14. O-O b4 15.
Nd1 c5 16. Kh1 Rc8 17. Ne3 cxd4 18. Nxd4 Ra7 19. Rfe1 Bc6 20. Nc4 Qa6 21. Nxc6
Rxc6 22. b3 Rac7 23. e5 dxe5 24. Rxe5 Rc5 25. Rae1 e6 26. g4 Rd5 27. Qe2 Rcc5
28. Rxd5 Rxd5 29. Qe3 Qc6 30. h3 Nd7 31. Qf4 Qc5 32. Kg2 Rd4 33. Qe3 Rd5 34.
Qf4 Rd4 35. Qc1 Nb6 36. Nxb6 Qxb6 37. Qe3 Qc5 38. Kg3 Rd5 39. Qxc5 Rxc5 40. Re2
g5 41. Rd2 Kf6 42. h4 h6 43. hxg5+ hxg5 44. Kf2 Ke5 45. Ke3 Rc3+ 46. Kf2 Rc5
47. Ke3 Rc3+ 48. Kf2 f5 49. Re2+ Kf4 50. Rxe6 Rxf3+ 51. Ke2 Kxg4 52. Re5 Rc3
53. Kd2 f4 54. Rxa5 f3 55. Rb5 Rc8 56. a5 Re8 57. Rxb4+ Kg3 58. Rb5 g4 59. Rf5
f2 60. b4 Kg2 61. b5 f1=Q 62. Rxf1 Kxf1 63. b6 g3 64. a6 g2 65. b7 g1=Q 0-1

[Event "Ì17Â"]
[Site "Loo"]
[Date "2017.04.21"]
[Round "2.24"]
[White "Òþðèí, Èëüÿ."]
[Black "Çàé÷èêîâ, Àíäðåé."]
[Result "0-1"]
[WhiteElo "2019"]
[BlackElo "2120"]
[PlyCount "68"]
[EventDate "2017.04.20"]

1. e4 e5 2. Nf3 Nc6 3. Bb5 a6 4. Ba4 Nf6 5. d4 exd4 6. O-O Nxe4 7. Re1 d5 8.
Nxd4 Bd6 9. Nxc6 Bxh2+ 10. Kh1 Qh4 11. Rxe4+ dxe4 12. Qd8+ Qxd8 13. Nxd8+ Kxd8
14. Kxh2 Be6 15. Be3 f5 16. Nd2 Ke7 17. a3 b5 18. Bb3 h6 19. Bxe6 Kxe6 20. Bd4
Rhd8 21. Nb3 g5 22. Re1 Kf7 23. Re3 h5 24. Rc3 Rac8 25. Rc6 Rd6 26. Rc5 Kg6 27.
Re5 h4 28. c3 g4 29. Nc5 c6 30. Nxa6 Rd5 31. Re7 c5 32. Be3 Rd3 33. Bxc5 g3+
34. fxg3 hxg3+ 0-1